000 00500nam a2200145Ia 4500
008 151213s9999 xx 000 0 und d
100 _aশামছুন নাহার।
245 _aনগ্ন রাতের ঘ্রান।
_cশামছুন নাহার।
260 _aঢাকা
_bজাগৃতি প্রকাশনী।
_c2007
300 _a8787 p.
650 _aBangla
650 _aকবিতা
700 _aশামছুন নাহার।
999 _c4572
_d4572